000 00856cab a2200217 4500
001 ##L133845
008 060613n2006 000 0 eng u
035 _a(Sirsi) u133845
041 0 _aeng
110 2 _aHM Revenue and Customs
_94702
245 0 0 _aBN25
_baligning the inheritance tax treatment for trusts
260 _aLondon
_bHMRC
_c2006
520 _aExplains the changes to inheritance tax treatment set out in the Budget 2006. The changes affect accumulation and maintenance trusts and interest in possession trusts.
590 _aIKA200606
650 2 4 _aINHERITANCE TAX ACT 1984
650 2 4 _aBUDGET 2006
651 4 _aUnited Kingdom
_y
690 _aPROPERTY-PROPERTY VALUATION AND APPRAISAL-INHERITANCE VALUATION
856 4 0 _uhttps://www.hmrc.gov.uk/budget2006/bn25.htm
_zView the item free of charge at www.hmrc.gov.uk...
942 _n0
999 _c77227
_d77227